Statistics for Candy and Other Sweets

Click here to take the quiz!

General Stats

  • This quiz has been taken 49 times
  • The average score is 6 of 8

Answer Stats

Answer% Correct
Cupcake
97%
Chocolate
90%
Ice Cream
90%
Cake
87%
Gummy Bears
87%
Macaroon
79%
Brownie
54%
Lollipops
44%

Score Distribution

Percentile by Number Answered

Percent of People with Each Score

Your Score History

You have not taken this quiz